Historia del silencio. (Record no. 905010)

000 -CABECERA
Campo de control de longitud fija 00810nam a22002417a 4500
001 - NÚMERO DE CONTROL
Campo de control 129949
003 - IDENTIFICADOR DEL NÚMERO DE CONTROL
Campo de control ES-SlBCS
005 - FECHA Y HORA DE LA ÚLTIMA TRANSACCIÓN
Campo de control 20260623081254.0
008 - CÓDIGOS DE INFORMACIÓN DE LONGITUD FIJA
Campo de control de longitud fija 260623b ||||| |||| 00| 0 spa d
017 ## - NÚMERO DE COPYRIGHT O DE DEPÓSITO LEGAL
Número de copyright o de depósito legal B 14011-2019
Agencia que asigna el número Barcelona
020 ## - NÚMERO INTERANCIONAL NORMALIZADO PARA LIBROS (ISBN)
Número Internacional Normalizado para Libros (ISBN) 978-84-17346-72-0
040 ## - FUENTE DE LA CATALOGACIÓN
Centro catalogador del origen ES-SlBCS
Lengua de catalogación spa
Centro modificador ES-SlBCS
100 1# - PUNTO DE ACCESO PRINCIPAL-NOMBRE DE PERSONA
Nombre de persona Corbin, Alain
9 (RLIN) 331221
245 1# - MENCIÓN DE TÍTULO
Título Historia del silencio.
Resto del título Del Renacimiento a nuestros días
Mención de responsabilidad, etc. Alain Corbin
250 ## - MENCIÓN DE EDICIÓN
Mención de edición 1ª edición (junio de 2019)
Resto de la mención de edición 6ª reimpresión (agosto de 2025)
260 ## - PUBLICACIÓN, DISTRIBUCIÓN, ETC... (PIE DE IMPRENTA)
Lugar de publicación, distribución, etc. Barcelona
Nombre del editor, distribuidor, etc. Acantilado
Fecha de publicación, distribución, etc. 2019
300 ## - DESCRIPCIÓN FÍSICA
Extensión 142 p.,
Otras características físicas tapa blanda,
Dimensiones 21 cm.
490 0# - MENCIÓN DE SERIE
Mención de serie El Acantilado
Designación de volumen o secuencia 309
500 1# - NOTA GENERAL
Nota general Donación de Gabrielle Palasciano
650 #0 - PUNTO DE ACCESO ADICIONAL DE MATERIA-TÉRMINO DE MATERIA
Término de materia o nombre geográfico como elemento inicial Antropología
Subdivisión de forma Silencio
9 (RLIN) 429750
700 1# - PUNTO DE ACCESO ADICIONAL-NOMBRE DE PERSONA
Nombre de persona Jordi Bayod
Término indicativo de función trad.
Título de la obra Histoire du silence
9 (RLIN) 429751
942 ## - ENTRADA DE ELEMENTOS AGREGADOS (KOHA)
Fuente de clasificaión o esquema
Koha [por defecto] tipo de item Libros
Holdings
Suprimido Perdido Fuente de clasificación o esquema Estropeado No para préstamo Localización permanente Localización actual Fecha adquisición Préstamos totales Signatura completa Número de Registro / Código de Barras Fecha última consulta Fecha del precio de reemplazo Tipo de item de Koha
          San Esteban San Esteban 23/06/2026   111 COR sil 129949 23/06/2026 23/06/2026 Libros

Bibliotecas Dominicos Provincia Hispania, 2016

Con tecnología Koha